Γενικευμένα γραμμικά μοντέλα και αναλογισμός : μεταπτυχιακή διατριβή

Στη συγκεκριμένη εργασία επιθυμούμε να δείξουμε ότι τα γενικευμένα γραμμικά μοντέλα έχουν ευρύ πεδίο εφαρμογής στην αναλογιστική επιστήμη. Στις γενικές ασφαλίσεις μας βοηθάνε να καθορίσουμε τα ασφάλιστρα και στις ασφαλίσεις ζωής μας βοηθάνε να κατασκευάσουμε τα πραγματικά πρότυπα θνησιμότητας ενός π...

Πλήρης περιγραφή

Αποθηκεύτηκε σε:
Λεπτομέρειες βιβλιογραφικής εγγραφής
Κύριος συγγραφέας: Χατζηγεωργίου, Ζωή
Συγγραφή απο Οργανισμό/Αρχή: Πανεπιστήμιο Αιγαίου. Σχολή Θετικών Επιστημών. Τμήμα Στατιστικής και Αναλογιστικών-Χρηματοοικονομικών Μαθηματικών. Μεταπτυχιακό Πρόγραμμα Στατιστική και Αναλογιστικά - Χρηματοοικονομικά Μαθηματικά
Μορφή: Thesis Βιβλίο
Γλώσσα:Greek
Δημοσίευση: 2016.
Θέματα:
Διαθέσιμο Online:http://hdl.handle.net/11610/21951
Ετικέτες: Προσθήκη ετικέτας
Δεν υπάρχουν, Καταχωρήστε ετικέτα πρώτοι!

MARC

LEADER 00000cam a2200000 a 4500
001 1/113149
008 170222s2016####gr | ||| |||| ||gre||
040 |a GR-MyUa  |b gre  |c GR-MyUa  |e AACR2 
041 0 |a gre 
082 7 |a 368.01   |2 (23)  
100 1 |a Χατζηγεωργίου, Ζωή. 
245 1 0 |a Γενικευμένα γραμμικά μοντέλα και αναλογισμός :   |b μεταπτυχιακή διατριβή /   |c Ζωή Χατζηγεωργίου ; επιβλέπων καθηγητής Πέτρος Χατζόπουλος.  
260 |c 2016.  
300 |a 90 σ. :   |b σχέδια, πιν. ;   |c 30 εκ.  
500 |a Μέλη της εξεταστικής επιτροπής: Χατζόπουλος Πέτρος, Καραγρηγορίου Αλέξανδρος, Χατζησπύρος Σπυρίδων.  
502 |a Διατριβή (μεταπτυχιακή) - Πανεπιστήμιο Αιγαίου, Σάμος, 2016.  
504 |a Βιβλιογραφία: σ. 89-90.  
506 1 |a Διάθεση πλήρους κειμένου ;   |d Ενδοπανεπιστημιακή δημοσίευση.  
520 8 |a Στη συγκεκριμένη εργασία επιθυμούμε να δείξουμε ότι τα γενικευμένα γραμμικά μοντέλα έχουν ευρύ πεδίο εφαρμογής στην αναλογιστική επιστήμη. Στις γενικές ασφαλίσεις μας βοηθάνε να καθορίσουμε τα ασφάλιστρα και στις ασφαλίσεις ζωής μας βοηθάνε να κατασκευάσουμε τα πραγματικά πρότυπα θνησιμότητας ενός πληθυσμού, εκτιμώντας τα ποσοστά θνησιμότητας. Η συγκεκριμένη εργασία χωρίζεται σε τέσσερις ενότητες. Η πρώτη ενότητα αποτελεί την εισαγωγή, όπου αναφέρονται κάποιες βασικές έννοιες όπως είναι η τυχαία μεταβλητή, κάποιες κατανομές και μερικές εισαγωγικές έννοιες για τα γενικευμένα γραμμικά μοντέλα. Στη δεύτερη ενότητα αναφέρεται η φύση και η δομή των γενικευμένων γραμμικών μοντέλων, καθώς επίσης παρουσιάζονται οι υποθέσεις αυτών και ο τρόπος με τον οποίο αυτά κατασκευάζονται. Τέλος, αναφέρονται κάποιοι στατιστικοί έλεγχοι υποθέσεων που μας βοηθάνε να επιλέξουμε το βέλτιστο μοντέλο. Η τρίτη ενότητα χωρίζεται σε δύο υπο-ενότητες. Η πρώτη αναφέρεται στις γενικές ασφαλίσεις και η δεύτερη στις ασφαλίσεις ζωής. Σε αυτή την ενότητα παρουσιάζονται τα γενικευμένα γραμμικά μοντέλα ανάλογα με το είδος της ασφάλισης. Η τελευταία ενότητα αποτελεί την πρακτική εφαρμογή όπου παρουσιάζονται πως εφαρμόζονται όλα τα παραπάνω.  
650 0 |a Dissertations, Academic  |z Greece. 
650 0 |a Linear models (Statistics) 
650 0 |a Insurance  |x Mathematics. 
700 1 |a Χατζόπουλος, Πέτρος Φ.  |e dgs 
710 2 |a Πανεπιστήμιο Αιγαίου.   |b Σχολή Θετικών Επιστημών.   |b Τμήμα Στατιστικής και Αναλογιστικών-Χρηματοοικονομικών Μαθηματικών.   |b Μεταπτυχιακό Πρόγραμμα Στατιστική και Αναλογιστικά - Χρηματοοικονομικά Μαθηματικά. 
852 |a INST  |b SAMOS  |c DIATR  |e 20170222  |h 368.01 ΧΑΤ  |p 005300044378  |q 005300044378  |t MTXE  |y 23 
856 |u http://hdl.handle.net/11610/21951 
924 |a Χατζηγεωργίου  |b Ζωή  |y Σάμος  |z 2016-03 
970 |a Κοσιέρης  |b Χρήστος  |z 22-02-2017